[Event "East Lansing (MI Op/6/28)"]
[Site "?"]
[Date "1993.??.??"]
[Round "?"]
[White "Smith, Mike A"]
[Black "Wisckol, Richard"]
[Result "1/2-1/2"]
[WhiteElo "1920"]
[BlackElo "1830"]
[PlyCount "35"]
[EventDate "1993.??.??"]

{6/(28)} 1. e4 c5 2. Nf3 Nc6 3. d4 cxd4 4. Nxd4 g6 5. Nc3 Bg7 6. Be3 Nf6 7. f3
O-O 8. Bc4 Qa5 9. Qd2 a6 10. O-O-O e6 11. Bh6 Bxh6 12. Qxh6 Nxd4 13. Rxd4 Qc5
14. Rhd1 e5 15. Rd6 Ne8 16. Rxg6+ hxg6 17. Qxg6+ Kh8 18. Qh6+ 1/2-1/2

[Event "Flint (Class A/4)"]
[Site "?"]
[Date "1993.??.??"]
[Round "?"]
[White "Smith, Mike A"]
[Black "Walker, Douglas"]
[Result "1-0"]
[WhiteElo "1860"]
[BlackElo "1875"]
[PlyCount "103"]
[EventDate "1993.??.??"]

1. e4 e6 2. d4 d5 3. exd5 exd5 4. Bd3 Nf6 5. Ne2 Bd6 6. O-O O-O 7. Bf4 Be6 8.
Nd2 Nc6 9. c3 Bg4 10. f3 Bxf4 11. Nxf4 Be6 12. Nxe6 fxe6 13. f4 Qd6 14. g3 Rae8
15. Re1 g6 16. Qc2 Ne7 17. Nf3 Nf5 18. Qa4 a6 19. Re2 Re7 20. Rae1 Rfe8 21. Qb4
Qxb4 22. cxb4 Nd7 23. b5 axb5 24. Bxb5 c6 25. Ba4 Kf7 26. Ng5+ Kf6 27. Nf3 h6
28. g4 Nd6 29. Ne5 Nf8 30. Bc2 Nc4 31. Nxc4 dxc4 32. f5 g5 33. Re5 Rd8 34. R1e4
Rxd4 35. Rxd4 Kxe5 36. Rxc4 exf5 37. Bxf5 Kd5 38. Rc2 c5 39. Rd2+ Ke5 40. Re2+
Kf6 41. Rxe7 Kxe7 42. Kf2 Kd6 43. Ke3 Ke5 44. Kd3 b5 45. b3 Kf4 46. a4 bxa4 47.
bxa4 h5 48. h3 h4 49. a5 Kg3 50. a6 Kxh3 51. a7 Kh2 52. a8=Q 1-0

[Event "Lansing (MI Am/4)"]
[Site "?"]
[Date "1993.??.??"]
[Round "?"]
[White "Smith, Mike A"]
[Black "Rosenberg, Steve"]
[Result "1/2-1/2"]
[WhiteElo "1915"]
[BlackElo "1740"]
[PlyCount "27"]
[EventDate "1993.??.??"]

1. e4 d6 2. d4 Nf6 3. Nc3 g6 4. Nf3 Bg7 5. Bf4 O-O 6. Qd2 Nc6 7. Bh6 e5 8. Bxg7
Kxg7 9. d5 Ne7 10. O-O-O Nh5 11. Be2 Nf4 12. b3 Nxe2+ 13. Qxe2 f5 14. Nh4
1/2-1/2

[Event "Ann Arbor (HVA/5/7)"]
[Site "?"]
[Date "1993.??.??"]
[Round "?"]
[White "Smith, Mike A"]
[Black "Moore, Robert"]
[Result "1-0"]
[WhiteElo "1905"]
[BlackElo "1760"]
[PlyCount "79"]
[EventDate "1993.??.??"]

{5/(7)} 1. e4 c5 2. Nf3 d6 3. d4 cxd4 4. Nxd4 Nf6 5. Nc3 a6 6. Bg5 e6 7. f4 Be7
8. Qf3 Qc7 9. O-O-O O-O 10. g4 Nc6 11. Nxc6 bxc6 12. Bxf6 Bxf6 13. g5 Be7 14.
h4 f6 15. Bd3 fxg5 16. hxg5 Bxg5 17. Qh5 Bxf4+ 18. Kb1 h6 19. Rdg1 Qf7 20. Qh4
e5 21. b3 Be6 22. Ne2 Qf6 23. Nxf4 Qxh4 24. Rxh4 Rxf4 25. Rxh6 Kf7 26. Rhg6 Rg8
27. Bxa6 Rxe4 28. Bb7 Re2 29. Bxc6 Bf5 30. Bd5+ Kf8 31. Rxd6 Bxc2+ 32. Kc1 Ke7
33. Rb6 Rc8 34. Rxg7+ Kd8 35. Rg8+ Kd7 36. Be6+ Kc7 37. Rxc8+ Kxb6 38. Rxc2 Re3
39. Kd2 Rh3 40. Bxh3 1-0

[Event "Ann Arbor (HVA/2/3)"]
[Site "?"]
[Date "1993.??.??"]
[Round "?"]
[White "Smith, Mike A"]
[Black "Collins, Charles"]
[Result "1-0"]
[WhiteElo "1905"]
[BlackElo "1725"]
[PlyCount "61"]
[EventDate "1993.??.??"]

{2/(3)} 1. e4 d6 2. d4 Nf6 3. Nc3 g6 4. Bc4 Bg7 5. Nge2 c6 6. Bb3 b5 7. a3 Qc7
8. f3 a6 9. Be3 Nbd7 10. Qd2 h5 11. O-O e5 12. h3 Bb7 13. f4 c5 14. fxe5 dxe5
15. dxc5 Nxc5 16. Nd5 Bxd5 17. Bxd5 Rd8 18. Nc3 O-O 19. Bg5 Rd6 20. Qe3 Kh7 21.
Rf2 Ne8 22. Bxf7 Rxf7 23. Rxf7 Qxf7 24. Qxc5 Qe6 25. Nd5 Nf6 26. Bxf6 Bxf6 27.
Rd1 Bg7 28. Nf6+ Bxf6 29. Rxd6 Be7 30. Rxe6 Bxc5+ 31. Kf1 1-0

[Event "Flint (Class A/2)"]
[Site "?"]
[Date "1993.??.??"]
[Round "?"]
[White "Smith, Mike A"]
[Black "Bauerle, Paul"]
[Result "1-0"]
[WhiteElo "1860"]
[BlackElo "1930"]
[PlyCount "51"]
[EventDate "1993.??.??"]

1. e4 e6 2. d4 d5 3. exd5 exd5 4. Bd3 Bd6 5. Ne2 Nc6 6. O-O Nge7 7. c3 Bf5 8.
Bf4 Bxf4 9. Nxf4 Qd6 10. Bxf5 Nxf5 11. Qg4 g6 12. Re1+ Nce7 13. Nd2 O-O-O 14.
Nd3 h5 15. Qd1 Nc6 16. b4 g5 17. b5 Nce7 18. a4 Nh6 19. a5 Ng6 20. Nc5 Ng4 21.
Nf3 Nh4 22. g3 Nxf3+ 23. Qxf3 Qf6 24. Qxf6 Nxf6 25. Re7 Rhf8 26. b6 1-0

[Event "Lansing (MI Am/2)"]
[Site "?"]
[Date "1993.??.??"]
[Round "?"]
[White "Smith, Mike A"]
[Black "Basas, J."]
[Result "1/2-1/2"]
[WhiteElo "1915"]
[BlackElo "1655"]
[PlyCount "62"]
[EventDate "1993.??.??"]

1. e4 e5 2. Nf3 Nc6 3. Bb5 a6 4. Ba4 b5 5. Bb3 h6 6. O-O Bc5 7. c3 Qf6 8. Re1
d6 9. h3 Nge7 10. d3 g5 11. Be3 g4 12. hxg4 Bxg4 13. Nbd2 O-O-O 14. a4 b4 15.
Bc4 Nb8 16. Qb3 Nec6 17. Nh2 Bh5 18. a5 Rhg8 19. Ra4 Rg7 20. g3 Rdg8 21. Kg2
Ne7 22. cxb4 Ng6 23. Ndf3 Bxe3 24. Rxe3 Nf4+ 25. Kf1 Rxg3 26. fxg3 Rxg3 27. Ke1
Ng2+ 28. Kd2 Nxe3 29. Kc3 Bxf3 30. Bxf7 Nd1+ 31. Kc2 Rg7 1/2-1/2

[Event "Flint (MI Jr/3)"]
[Site "?"]
[Date "1993.??.??"]
[Round "?"]
[White "Smith, Lester"]
[Black "Link, J."]
[Result "0-1"]
[WhiteElo "1605"]
[BlackElo "1730"]
[PlyCount "52"]
[EventDate "1993.??.??"]

1. e4 e5 2. c3 Nf6 3. Nf3 d6 4. Bc4 Be7 5. d3 h6 6. Be3 O-O 7. Nbd2 Nc6 8. Nh4
Nxe4 9. Ng6 Nxd2 10. Bxd2 d5 11. Nxe7+ Nxe7 12. Bb3 Bf5 13. Rc1 c6 14. Qf3 e4
15. Qg3 Ng6 16. dxe4 Bxe4 17. O-O Qh4 18. Qc7 Qe7 19. Qg3 Qe5 20. Qg4 h5 21.
Qd7 Rab8 22. Qh3 Qf5 23. Qe3 Nh4 24. Qg3 Qg4 25. Qxg4 hxg4 26. g3 Nf3+ 0-1

[Event "Flint (Class C/4)"]
[Site "?"]
[Date "1993.??.??"]
[Round "?"]
[White "Smith, Lester"]
[Black "LaGuire, D."]
[Result "0-1"]
[WhiteElo "1605"]
[BlackElo "1605"]
[PlyCount "92"]
[EventDate "1993.??.??"]

1. e4 e6 2. d4 d5 3. e5 c5 4. c3 Nc6 5. Nf3 Qb6 6. Qb3 Bd7 7. Be3 c4 8. Qxb6
axb6 9. Nbd2 b5 10. Be2 b4 11. O-O b5 12. Rfc1 Be7 13. Ne1 f6 14. exf6 Nxf6 15.
Bg5 O-O 16. Nef3 h6 17. Bh4 bxc3 18. Rxc3 b4 19. Re3 g5 20. Bxg5 hxg5 21. Nxg5
Nxd4 22. Bd1 Ne8 23. h4 Ng7 24. Rg3 Ngf5 25. Rg4 Bxg5 26. Rxg5+ Kf7 27. Nf3
Nxf3+ 28. Bxf3 Nxh4 29. Bh5+ Ke7 30. Re1 Kd6 31. b3 c3 32. Rg4 Nf5 33. Rxb4
Rxa2 34. Rc1 c2 35. Be2 Kc5 36. Rb7 Bc6 37. Rc7 Kd6 38. Rh7 Nd4 39. Bd3 Nxb3
40. Rxc2 Rxc2 41. Bxc2 Nd4 42. Bd3 e5 43. g4 e4 44. Bb1 Nf3+ 45. Kg2 Rg8 46.
Kg3 Bd7 0-1

[Event "Flint (Class C/2)"]
[Site "?"]
[Date "1993.??.??"]
[Round "?"]
[White "Smith, Lester"]
[Black "Bezrutch, B."]
[Result "0-1"]
[WhiteElo "1605"]
[BlackElo "1605"]
[PlyCount "60"]
[EventDate "1993.??.??"]

1. e4 c5 2. c3 Nf6 3. Bc4 d6 4. Qb3 e6 5. Bb5+ Bd7 6. d4 Nxe4 7. Bd3 Bc6 8. Bb5
Be7 9. Nf3 O-O 10. Bxc6 bxc6 11. Qb7 Nd7 12. Qxc6 d5 13. O-O Rc8 14. Qa6 Qc7
15. Be3 Bd6 16. g3 Rb8 17. b3 Rb6 18. Qa4 Rc6 19. Na3 Nxc3 20. Nb5 Nxa4 21.
Nxc7 Nc3 22. Bd2 Ne2+ 23. Kg2 Rxc7 24. dxc5 Bxc5 25. Rfe1 Nd4 26. Rac1 Nxf3 27.
Kxf3 Rfc8 28. Kg2 e5 29. Rcd1 d4 30. Re4 f6 0-1

[Event "Flint (MI Jr/5)"]
[Site "?"]
[Date "1993.??.??"]
[Round "?"]
[White "Smith, Lester"]
[Black "Barker, Kyle"]
[Result "1-0"]
[WhiteElo "1605"]
[BlackElo "1605"]
[PlyCount "59"]
[EventDate "1993.??.??"]

1. e4 e5 2. c3 Nf6 3. Bc4 Bc5 4. Nf3 Nxe4 5. Nxe5 d5 6. d4 Qf6 7. Qe2 c6 8. f3
Qh4+ 9. Kd1 f6 10. fxe4 fxe5 11. h3 Bg4 12. Qxg4 Qxg4+ 13. hxg4 exd4 14. exd5
b5 15. Bb3 dxc3 16. Nxc3 Na6 17. dxc6 O-O-O+ 18. Kc2 Nb4+ 19. Kb1 Rhe8 20. Nxb5
Nd3 21. a3 Ne1 22. Ka2 Re2 23. Bg5 Rxb2+ 24. Kxb2 Nd3+ 25. Ka2 Bd4 26. Bxd8
Bxa1 27. c7 Bd4 28. Nxa7+ Bxa7 29. Be6+ Kb7 30. c8=Q# 1-0

[Event "Flint (Beg/4)"]
[Site "?"]
[Date "1993.??.??"]
[Round "?"]
[White "Smith, George"]
[Black "Kenworthy, Matt"]
[Result "0-1"]
[WhiteElo "1605"]
[BlackElo "1605"]
[PlyCount "110"]
[EventDate "1993.??.??"]

1. e4 e5 2. Nf3 Nc6 3. Nc3 Nf6 4. Bc4 d6 5. d3 Bg4 6. Bg5 h6 7. h3 Bxf3 8. Bxf6
Bxd1 9. Bxd8 Rxd8 10. Nxd1 Nd4 11. Nc3 Nxc2+ 12. Ke2 Nxa1 13. Rxa1 Be7 14. Nd5
Rd7 15. f4 exf4 16. Nxf4 O-O 17. Bd5 c6 18. Bc4 g6 19. h4 Bxh4 20. Ne6 Re8 21.
Nf4 d5 22. Bb3 dxe4 23. Nxg6 Bf6 24. Rb1 exd3+ 25. Kd2 Re2+ 26. Kd1 Rxg2 27.
Nf4 Rh2 28. Bc4 Rh1+ 29. Kd2 Rxb1 30. Bxd3 Rxb2+ 31. Ke3 Rxa2 32. Bf5 Rd6 33.
Bb1 Rad2 34. Nd3 Bg5+ 35. Ke4 Rd1 36. Bc2 R1xd3 37. Bxd3 Rxd3 38. Kxd3 h5 39.
Ke2 h4 40. Kf3 a5 41. Kg4 f6 42. Kf3 a4 43. Ke2 a3 44. Kd3 a2 45. Kc4 a1=Q 46.
Kc5 Qb1 47. Kd6 h3 48. Ke6 h2 49. Kd6 h1=R 50. Kc5 Qd3 51. Kb6 Rc1 52. Kxb7
Rb1+ 53. Kxc6 Rc1+ 54. Kb6 Qb3+ 55. Ka5 Ra1# 0-1

[Event "East Lansing (MI Op/2/31)"]
[Site "?"]
[Date "1993.??.??"]
[Round "?"]
[White "Smith, Ed"]
[Black "Morris, Jewell"]
[Result "0-1"]
[WhiteElo "1870"]
[BlackElo "1940"]
[PlyCount "88"]
[EventDate "1993.??.??"]

{2/(31)} 1. f4 e5 2. fxe5 d6 3. exd6 Bxd6 4. Nf3 Bg4 5. g3 h5 6. d4 h4 7. Bg5
f6 8. Bf4 hxg3 9. Bxd6 Qxd6 10. Qd3 Ne7 11. Nc3 gxh2 12. O-O-O Qf4+ 13. Kb1
Bxf3 14. Qxf3 Qxf3 15. exf3 Nbc6 16. Bb5 O-O-O 17. Bxc6 Nxc6 18. Rd2 Rxd4 19.
Rdxh2 Rxh2 20. Rxh2 Rf4 21. Rh8+ Nd8 22. Rh3 Ne6 23. Kc1 Ng5 24. Rh8+ Kd7 25.
Rg8 Ne6 26. Ra8 a6 27. Rb8 Nd8 28. Ne4 b6 29. Nd2 g5 30. Kd1 g4 31. fxg4 Rxg4
32. Ke2 Rg2+ 33. Ke3 f5 34. c4 f4+ 35. Kd3 f3 36. Nxf3 Rxb2 37. c5 Nc6 38. Rh8
bxc5 39. Rh7+ Kc8 40. Kc4 Rc2+ 41. Kb3 Rc1 42. Ng5 Nd4+ 43. Ka3 Rb1 44. Rh4 Rb4
0-1

[Event "East Lansing (MI Op/4/34)"]
[Site "?"]
[Date "1993.??.??"]
[Round "?"]
[White "Smith, Ed"]
[Black "McCarter, Robert"]
[Result "1-0"]
[WhiteElo "1870"]
[BlackElo "1700"]
[PlyCount "85"]
[EventDate "1993.??.??"]

{4/(34)} 1. c4 Nf6 2. Nc3 e6 3. d4 Bb4 4. Qc2 c5 5. e3 d5 6. a3 Bxc3+ 7. Qxc3
Ne4 8. Qc2 cxd4 9. exd4 O-O 10. Be3 b6 11. Nf3 Bb7 12. Bd3 Nf6 13. c5 Nbd7 14.
b4 Rc8 15. O-O Qc7 16. Qb2 bxc5 17. dxc5 e5 18. Bf5 d4 19. Nxd4 exd4 20. Bxd4
Qc6 21. f3 Rc7 22. Rfe1 Re8 23. Rxe8+ Nxe8 24. b5 Qd5 25. Be4 Qg5 26. c6 Bxc6
27. Bxc6 Nef6 28. Re1 Nb6 29. Bxb6 axb6 30. Qd4 Rc8 31. Qxb6 Qd2 32. Qe3 Qc2
33. Rc1 Qb2 34. Rd1 Qc2 35. Qd3 Qc5+ 36. Kf1 h5 37. a4 Rxc6 38. bxc6 Qxc6 39.
a5 Qc5 40. a6 h4 41. Rb1 g5 42. Qb5 Qc7 43. Qb8+ 1-0

[Event "Lansing (MI Am/3)"]
[Site "?"]
[Date "1993.??.??"]
[Round "?"]
[White "Smith, Ed"]
[Black "Kishek, R."]
[Result "1-0"]
[WhiteElo "1870"]
[BlackElo "1605"]
[PlyCount "94"]
[EventDate "1993.??.??"]

1. f4 e6 2. Nf3 d5 3. e3 Nf6 4. b3 g6 5. Bb2 Bg7 6. Na3 O-O 7. Be2 Nc6 8. O-O
b6 9. Ne5 Bb7 10. Bb5 Ne7 11. Be2 Nf5 12. g4 Ne7 13. Rc1 c5 14. Bf3 a6 15. c4
Rb8 16. g5 Nd7 17. d4 Nf5 18. Qe2 cxd4 19. exd4 f6 20. gxf6 Nxf6 21. Nc6 Bxc6
22. Qxe6+ Kh8 23. Qxc6 Ne4 24. Qxd5 Qxd5 25. cxd5 Bxd4+ 26. Bxd4+ Nxd4 27. Rcd1
Nxf3+ 28. Rxf3 Rbc8 29. Nc4 b5 30. Ne5 Kg7 31. Nc6 Kf6 32. Re3 Rfe8 33. Rde1
Kf5 34. Nd4+ Kxf4 35. Ne6+ Ke5 36. Rxe4+ Kxd5 37. Rd4+ Kc6 38. Rc1+ Kb7 39.
Rd7+ Kb6 40. Rd6+ Ka5 41. Rcc6 Rxc6 42. Rxc6 Kb4 43. Rxa6 Rc8 44. Nd4 Rc1+ 45.
Kf2 Rd1 46. Ne2 Rd2 47. Ke3 Rc2 $138 1-0

[Event "Lansing (MI Am/1)"]
[Site "?"]
[Date "1993.??.??"]
[Round "?"]
[White "Smith, Ed"]
[Black "Hayes, P."]
[Result "1-0"]
[WhiteElo "1870"]
[BlackElo "1605"]
[PlyCount "79"]
[EventDate "1993.??.??"]

1. f4 Nf6 2. b3 Nc6 3. Bb2 d6 4. e3 e5 5. fxe5 dxe5 6. Bb5 Bd7 7. Nc3 Bd6 8.
Nf3 a6 9. Bxc6 Bxc6 10. Qe2 Qe7 11. O-O-O b5 12. d4 Bxf3 13. Qxf3 e4 14. Qf5
Ba3 15. Nd5 Bxb2+ 16. Kxb2 Nxd5 17. Qxd5 O-O 18. Rhf1 Rad8 19. Qf5 g6 20. Qf6
Qb4 21. a3 Qa5 22. g4 Rd6 23. Qe5 Rfd8 24. Qxe4 Rd5 25. Rf6 c5 26. c3 b4 27.
cxb4 cxb4 28. a4 Qc7 29. Qc2 Qe7 30. Qf2 Rc8 31. Rc1 Rxc1 32. Kxc1 Rd7 33. Rc6
Qe4 34. Rc8+ Kg7 35. g5 Rd6 36. Rc4 a5 37. Qg3 Re6 38. Rc5 Qd3 39. Qf4 Rxe3 40.
Qf6+ 1-0

[Event "Eastpointe (MI Action/1/19)"]
[Site "?"]
[Date "1993.??.??"]
[Round "?"]
[White "Smith, Ed"]
[Black "Gilbert, J."]
[Result "1-0"]
[WhiteElo "1820"]
[BlackElo "1605"]
[PlyCount "91"]
[EventDate "1993.??.??"]

{1/(19)} 1. c4 e5 2. Nc3 Bb4 3. a3 Bxc3 4. bxc3 Nf6 5. d4 d6 6. e3 Bg4 7. Be2
Qd7 8. f3 Be6 9. d5 Bf5 10. e4 Bg6 11. Qb3 b6 12. Nh3 h6 13. Be3 Na6 14. O-O
Nc5 15. Bxc5 bxc5 16. Rab1 O-O 17. Qc2 Rfb8 18. Rb3 Rxb3 19. Qxb3 Qc8 20. Rb1
Rb8 21. Qxb8 Qxb8 22. Rxb8+ Kh7 23. Rb7 Ne8 24. Rxa7 f6 25. Bd1 f5 26. Nf2 fxe4
27. Nxe4 Bxe4 28. fxe4 h5 29. Bxh5 Nf6 30. Bf3 Ne8 31. Ra8 Nf6 32. Rc8 Kh6 33.
a4 Nd7 34. Rxc7 Nb6 35. a5 Nxc4 36. a6 g6 37. a7 Nb6 38. Rb7 Na8 39. Rb8 Nc7
40. Rc8 Nxd5 41. exd5 g5 42. a8=Q e4 43. Rh8+ Kg6 44. Bxe4+ Kf6 45. Qf8+ Ke5
46. Qf5# 1-0

[Event "East Lansing (MI Op/5/21)"]
[Site "?"]
[Date "1993.??.??"]
[Round "?"]
[White "Smith, Ed"]
[Black "Fuller, William"]
[Result "0-1"]
[WhiteElo "1870"]
[BlackElo "2020"]
[PlyCount "94"]
[EventDate "1993.??.??"]

{5/(21)} 1. c4 b6 2. Nf3 Bb7 3. e3 e6 4. d4 Nf6 5. Bd3 Ne4 6. O-O f5 7. Nfd2
Qg5 8. Nxe4 fxe4 9. Be2 Bd6 10. f4 exf3 11. Bxf3 Bxf3 12. Rxf3 Qg6 13. Nc3 Nc6
14. Nb5 O-O-O 15. Nxd6+ cxd6 16. Rg3 Qf7 17. Qf3 Qe7 18. Bd2 Rhf8 19. Qe4 Rf5
20. Rf1 Rdf8 21. Rgf3 g6 22. Qg4 e5 23. d5 Rxf3 24. Rxf3 Rxf3 25. gxf3 Nd8 26.
e4 Nf7 27. h4 Qf6 28. a3 h6 29. Kg2 g5 30. hxg5 Nxg5 31. Be3 Kc7 32. b4 Nf7 33.
Kf2 Qd8 34. f4 exf4 35. Bxf4 Qf6 36. Qf3 Qd4+ 37. Be3 Qb2+ 38. Kg3 Ne5 39. Qf2
Qxa3 40. c5 Qxb4 41. cxb6+ axb6 42. Qc2+ Kb7 43. Bxh6 Qe1+ 44. Kg2 Qh4 45. Be3
Qg4+ 46. Kf1 Qf3+ 47. Bf2 Ng4 0-1

[Event "East Lansing (MI Op/7/17)"]
[Site "?"]
[Date "1993.??.??"]
[Round "?"]
[White "Smith, Ed"]
[Black "Clark, K."]
[Result "0-1"]
[WhiteElo "1870"]
[BlackElo "2030"]
[PlyCount "86"]
[EventDate "1993.??.??"]

{7/(17)} 1. c4 Nf6 2. Nc3 e5 3. g3 Be7 4. Bg2 c6 5. d3 O-O 6. Nf3 d6 7. O-O h6
8. Qc2 Be6 9. b3 c5 10. Nxe5 dxe5 11. Bxb7 Nbd7 12. Bxa8 Qxa8 13. f3 Nh7 14. e4
Nb8 15. Nd5 Bd6 16. Be3 Nc6 17. Qd2 Qd8 18. f4 Nf6 19. Nxf6+ Qxf6 20. f5 Bc8
21. a3 Rd8 22. Qf2 h5 23. h4 Qe7 24. Bg5 f6 25. Be3 Nd4 26. Bxd4 exd4 27. Qf3
Bd7 28. Qxh5 Bxg3 29. Qg4 Bd6 30. Rf2 Qe5 31. Rg2 Qe7 32. h5 Rb8 33. h6 g5 34.
b4 cxb4 35. axb4 Rxb4 36. Rga2 Bc5 37. Rxa7 Bxa7 38. Rxa7 Rb1+ 39. Kg2 Rb2+ 40.
Kh3 Qe8 41. Ra5 Rd2 42. Qf3 Qg6 43. Qg3 Qh5+ 0-1

[Event "Eastpointe (MI Action/4/14)"]
[Site "?"]
[Date "1993.??.??"]
[Round "?"]
[White "Smith, Ed"]
[Black "Bezrutch, B."]
[Result "0-1"]
[WhiteElo "1820"]
[BlackElo "1605"]
[PlyCount "56"]
[EventDate "1993.??.??"]

{4/(14)} 1. c4 e5 2. Nc3 Nc6 3. g3 Nf6 4. Bg2 Be7 5. d3 O-O 6. e3 b6 7. Nge2
Bb7 8. O-O Rb8 9. a3 Re8 10. b4 d6 11. Bb2 Qd7 12. Qc2 Nd8 13. d4 Bxg2 14. Kxg2
Qc6+ 15. Kg1 Qxc4 16. dxe5 dxe5 17. Rac1 Ne6 18. Nb1 Qd5 19. Rfd1 Qf3 20. Bxe5
Ng4 21. Nd4 Nxd4 22. Bxd4 Bd6 23. h3 Nh6 24. Nd2 Qh5 25. Kg2 Qd5+ 26. Kh2 Nf5
27. Nf1 Nh4 28. Nd2 Qg2# 0-1

[Event "Ann Arbor (HVA/1/9)"]
[Site "?"]
[Date "1993.??.??"]
[Round "?"]
[White "Smith, Daryn"]
[Black "Stockton, T."]
[Result "1/2-1/2"]
[WhiteElo "1835"]
[BlackElo "1605"]
[PlyCount "80"]
[EventDate "1993.??.??"]

{1/(9)} 1. e4 e5 2. Nf3 Nc6 3. Bb5 a6 4. Ba4 Nf6 5. O-O Be7 6. Re1 b5 7. Bb3
O-O 8. c3 d5 9. exd5 Nxd5 10. Nxe5 Nxe5 11. Rxe5 Nf6 12. d4 Bd6 13. Re1 Bxh2+
14. Kf1 Qd6 15. Be3 Ng4 16. Nd2 Bf4 17. Nf3 Nxe3+ 18. fxe3 Bg3 19. Re2 Qh6 20.
Qd3 Bg4 21. Kg1 Rae8 22. e4 Qg6 23. Bc2 h5 24. e5 Qxd3 25. Bxd3 g6 26. Rc2 Kg7
27. Rf1 f6 28. exf6+ Rxf6 29. Nh2 Rxf1+ 30. Nxf1 Re1 31. b3 Rd1 32. Rd2 Rc1 33.
c4 bxc4 34. bxc4 Bf4 35. Rb2 Be3+ 36. Kh2 Bxd4 37. Rd2 Be5+ 38. g3 h4 39. Kg2
hxg3 40. Nxg3 a5 1/2-1/2

[Event "Ann Arbor (HVA/3/7)"]
[Site "?"]
[Date "1993.??.??"]
[Round "?"]
[White "Smith, Daryn"]
[Black "Snuske, R."]
[Result "1-0"]
[WhiteElo "1835"]
[BlackElo "1605"]
[PlyCount "99"]
[EventDate "1993.??.??"]

{3/(7)} 1. d4 d5 2. c4 e6 3. Nc3 Bb4 4. Bd2 Nf6 5. Qc2 Nc6 6. e3 Bd7 7. Nf3 O-O
8. a3 Bxc3 9. Bxc3 h6 10. Bd3 dxc4 11. Bxc4 Ne7 12. O-O Ng6 13. Rac1 Bc6 14.
Nd2 Bd5 15. Bd3 Ne7 16. Rfd1 Re8 17. b4 b6 18. b5 Qc8 19. Bb4 Bb7 20. Qxc7 Ned5
21. Qd6 Qd8 22. e4 Nxb4 23. Qxb4 Rc8 24. f3 Rxc1 25. Rxc1 Re7 26. Nb3 Rc7 27.
Rc4 e5 28. d5 Rxc4 29. Qxc4 Nd7 30. a4 Qc8 31. Qxc8+ Bxc8 32. Kf2 g5 33. Ke3 f6
34. Kd2 Kf7 35. Kc3 Ke7 36. Kb4 Kd6 37. Bf1 Nb8 38. a5 f5 39. a6 fxe4 40. fxe4
Bd7 41. Nd2 Ke7 42. Nc4 Kf6 43. Nxb6 Be8 44. Nc8 Nd7 45. Nxa7 Nb6 46. Nc6 Bxc6
47. bxc6 Ke7 48. Kb5 Nc8 49. Kc5 Kd8 50. d6 1-0

[Event "Ann Arbor (HVA/5/6)"]
[Site "?"]
[Date "1993.??.??"]
[Round "?"]
[White "Smith, Daryn"]
[Black "Pope, Nick"]
[Result "0-1"]
[WhiteElo "1835"]
[BlackElo "1805"]
[PlyCount "136"]
[EventDate "1993.??.??"]

{5/(6)} 1. d4 d5 2. c4 e5 3. dxe5 d4 4. Nf3 Nc6 5. Bf4 Nge7 6. Nbd2 Ng6 7. Bg3
Bc5 8. a3 a6 9. b4 Ba7 10. Nb3 Be6 11. c5 Bxb3 12. Qxb3 Qe7 13. Qd5 Rd8 14. Qe4
O-O 15. Rd1 f5 16. Qc2 f4 17. Qc4+ Kh8 18. Nxd4 Rxd4 19. Rxd4 Nxd4 20. Qxd4
fxg3 21. hxg3 Rd8 22. Qa1 Qg5 23. e3 Nxe5 24. Be2 Ng6 25. Bf3 c6 26. Qb1 Nf8
27. Be4 g6 28. Qb2+ Kg8 29. Qb3+ Kg7 30. Rh3 Qf6 31. f4 Bb8 32. g4 Re8 33. Qd3
Bc7 34. g5 Qa1+ 35. Kf2 Rd8 36. Qb3 Rd2+ 37. Kg3 Qe1+ 38. Kh2 Bxf4+ 39. exf4
Qxe4 40. Qc3+ Qd4 41. Qxd4+ Rxd4 42. Rf3 Rd7 43. Re3 Kf7 44. g3 Ne6 45. Kg2 Nc7
46. Kf3 Nd5 47. Rd3 Re7 48. Kf2 Re4 49. Kf3 Rc4 50. Ke2 Rc3 51. Kd2 Rxd3+ 52.
Kxd3 Ke6 53. Ke4 Nc3+ 54. Kf3 Nb5 55. g4 Nxa3 56. Ke4 Nc2 57. f5+ gxf5+ 58.
gxf5+ Kf7 59. b5 axb5 60. Kd3 Nb4+ 61. Kd4 Nd5 62. Ke5 b6 63. cxb6 Nxb6 64. Kd4
b4 65. Kd3 c5 66. Kc2 c4 67. Kb2 b3 68. Ka3 Na4 0-1

[Event "Jackson (Prison m)"]
[Site "?"]
[Date "1993.??.??"]
[Round "?"]
[White "Smith"]
[Black "Brotherton, D."]
[Result "1-0"]
[WhiteElo "1605"]
[BlackElo "1605"]
[PlyCount "54"]
[EventDate "1993.??.??"]

1. e4 c6 2. h3 d5 3. e5 Bf5 4. d4 e6 5. a3 Nd7 6. Nc3 c5 7. Nf3 cxd4 8. Nxd4
Nxe5 9. Nxf5 exf5 10. Bb5+ Nd7 11. Qxd5 a6 12. Bc4 Qe7+ 13. Be2 Ne5 14. Bf4 f6
15. O-O Rd8 16. Qb3 Qf7 17. Qa4+ Qd7 18. Qb3 Qf7 19. Qxf7+ Nxf7 20. Rfe1 Be7
21. Bc7 Rd7 22. Ba5 Ngh6 23. Rad1 Nd6 24. Bh5+ g6 25. Bf3 Nc4 26. Rxd7 Kxd7 27.
Bxb7 Nxa5 1-0

[Event "East Lansing (MOR/5/38)"]
[Site "?"]
[Date "1993.??.??"]
[Round "?"]
[White "Smeltzer, P."]
[Black "Scott, A."]
[Result "1-0"]
[WhiteElo "1605"]
[BlackElo "1605"]
[PlyCount "39"]
[EventDate "1993.??.??"]

{5/(38)} 1. d4 d5 2. c4 e6 3. Nf3 Nf6 4. g3 Nc6 5. cxd5 Nxd5 6. Bg2 Bd6 7. O-O
O-O 8. e4 Nde7 9. e5 Bb4 10. a3 Ba5 11. b4 Bb6 12. Bb2 Nd5 13. Nbd2 f6 14. Ne4
fxe5 15. dxe5 Nce7 16. Qc2 Nf5 17. Rad1 Bd7 18. Neg5 Qe7 19. g4 Nh6 20. Qxh7#
1-0

[Event "East Lansing (MOR/2/25)"]
[Site "?"]
[Date "1993.??.??"]
[Round "?"]
[White "Smeltzer, P."]
[Black "Post, Robert"]
[Result "0-1"]
[WhiteElo "1605"]
[BlackElo "1740"]
[PlyCount "69"]
[EventDate "1993.??.??"]

{2/(25)} 1. d4 g6 2. e4 Bg7 3. Bc4 d6 4. Nf3 Nf6 5. Nc3 O-O 6. Be3 Nbd7 7. Qd2
Ng4 8. Bf4 e5 9. dxe5 Ngxe5 10. Bb3 Nxf3+ 11. gxf3 Re8 12. O-O-O Ne5 13. Qe3
Be6 14. Nb5 a6 15. Nd4 Bxb3 16. Qxb3 c5 17. Ne2 b5 18. Rd5 Nc4 19. c3 Qb6 20.
Rhd1 Re6 21. Qc2 b4 22. Qa4 bxc3 23. b3 Nb2 24. Qd7 Nxd1 25. Kxd1 Rd8 26. Qa4
a5 27. Kc2 f5 28. Qc4 Qb4 29. Qa6 fxe4 30. Rxd6 Rexd6 31. Bxd6 exf3 32. Ng3 Qd4
33. Nf1 Qxf2+ 34. Kc1 Qb2+ 35. Kd1 0-1

[Event "East Lansing (MOR/3/40)"]
[Site "?"]
[Date "1993.??.??"]
[Round "?"]
[White "Smeltzer, P."]
[Black "Moceri, Paul"]
[Result "1-0"]
[WhiteElo "1605"]
[BlackElo "1700"]
[PlyCount "109"]
[EventDate "1993.??.??"]

{3/(40)} 1. d4 e5 2. dxe5 d5 3. Nf3 Bg4 4. e3 Nc6 5. Be2 Bc5 6. O-O Qd7 7. c3
O-O-O 8. b4 Bb6 9. a4 a6 10. b5 Nb8 11. bxa6 bxa6 12. Na3 Qc6 13. Nd4 Bxe2 14.
Nxc6 Bxd1 15. Nxd8 Kxd8 16. Rxd1 Ne7 17. c4 c6 18. e4 d4 19. Rb1 Nd7 20. Nc2 c5
21. Rd3 Kc7 22. Rdb3 Rb8 23. Bf4 Ng6 24. Bg3 Ngxe5 25. Bxe5+ Nxe5 26. a5 Ba7
27. Rxb8 Bxb8 28. Na3 Ba7 29. f4 Nd3 30. g3 Nb4 31. Kf1 Kd7 32. Ke2 Bb8 33. Kd2
Bc7 34. Nc2 Bxa5 35. Nxb4 Bxb4+ 36. Kc2 a5 37. Kb3 Ke6 38. Ka4 f6 39. Kb5 Kf7
40. g4 Ke6 41. h4 g6 42. Rd1 h6 43. Rf1 g5 44. hxg5 hxg5 45. fxg5 fxg5 46. Rf5
d3 47. Rxg5 Bc3 48. Rxc5 d2 49. Rd5 d1=Q 50. Rxd1 Ke5 51. Rd3 Bb4 52. Rd5+ Kxe4
53. g5 Bc3 54. g6 Kf4 55. Rd7 1-0

[Event "East Lansing (MOR/1b/21)"]
[Site "?"]
[Date "1993.??.??"]
[Round "?"]
[White "Smeltzer, P."]
[Black "Meyer, A."]
[Result "1/2-1/2"]
[WhiteElo "1605"]
[BlackElo "1605"]
[PlyCount "120"]
[EventDate "1993.??.??"]

1. c4 e5 2. Nc3 Nf6 3. g3 Nc6 4. Bg2 Bc5 5. Nf3 d6 6. O-O Be6 7. b3 h6 8. Bb2
Qd7 9. d3 a6 10. Nd2 Bh3 11. Re1 Bxg2 12. Kxg2 Ng4 13. Nde4 Bxf2 14. Nxf2 Ne3+
15. Kg1 Nxd1 16. Raxd1 Nd4 17. Nd5 Nc2 18. Rf1 O-O-O 19. Rd2 Nd4 20. Ne4 f5 21.
Nec3 g5 22. Na4 Qf7 23. e3 Ne6 24. Rdf2 Ng7 25. Nac3 h5 26. Ne4 g4 27. d4 h4
28. dxe5 hxg3 29. Nxg3 dxe5 30. Bxe5 Rd7 31. Nxf5 Rh7 32. Nfe7+ Qxe7 33. Nxe7+
Rxe7 34. Rf8+ Ne8 35. Bf6 Rxe3 36. Rd1 Rd7 37. Rxd7 Kxd7 38. Bd4 Rd3 39. Bf2
Nd6 40. Be1 Rd4 41. Kg2 Ke7 42. Bf2 Rd2 43. Rf4 Rxa2 44. Rxg4 Rb2 45. c5 Nf5
46. Re4+ Kf6 47. Kf3 Rxb3+ 48. Kg4 Nh6+ 49. Kf4 Kf7 50. Kg5 Ng8 51. Bg3 Rb5 52.
Bxc7 Rxc5+ 53. Be5 Nf6 54. Re2 Nd7 55. Kf4 Nxe5 56. Rxe5 Rxe5 57. Kxe5 a5 58.
Kd4 a4 59. Kc4 a3 60. Kb3 a2 1/2-1/2